Daňové priznania k dani z príjmov za rok 2019 praktická príručka pre účtovníkov

Na minha lista:
Detalhes bibliográficos
Autor principal: Brnová, Miroslava
Outros Autores: Sandtner, Lucia, Sekerková, Ľubica
Formato: Livro
Idioma:eslovaco
Publicado em: Žilina Poradca podnikateľa 2020
Edição:1. vydanie
Assuntos:
Tags: Adicionar Tag
Sem tags, seja o primeiro a adicionar uma tag!

MARC

LEADER 00000nam a2200000 4500
001 0262526
005 20240221120020.7
020 |a 978-80-8186-025-6 
041 0 |a slo 
044 |a SK 
245 1 0 |a Daňové priznania k dani z príjmov za rok 2019  |b praktická príručka pre účtovníkov  |c Miroslava Brnová, Lucia Sandtner, Ľubica Sekerková 
250 |a 1. vydanie 
264 1 |a Žilina  |b Poradca podnikateľa  |c 2020 
300 |a 280 s. 
610 2 0 |a dane z príjmov 
610 2 0 |a priznania daňové 
610 2 0 |a osoby fyzické 
610 2 0 |a osoby právnické 
610 2 0 |a správa verejná 
610 2 0 |a samospráva 
610 2 0 |a organizácie rozpočtové 
610 2 0 |a organizácie príspevkové 
610 2 0 |a predpisy právne 
610 2 0 |a zákony 
610 2 0 |a povinnosť daňová 
610 2 0 |a Slovensko 
100 1 |a Brnová, Miroslava 
700 1 |a Sandtner, Lucia 
700 1 |a Sekerková, Ľubica